The healthy lower back : laying the foundation through proper lifting, sitting, and exercise /

Bibliographic Details
Main Author: Zacharkow, Dennis
Format: Book
Language:English
Published: Springfield, Ill., U.S.A. : Thomas, [1984]
Subjects:

MARC

Tag First Indicator Second Indicator Subfields
LEADER 00000cam a2200000 a 4500
001 in00000012843
005 20151007051920.0
008 831220s1984 ilua b 00110 eng
010 |a  83024295  
020 |a 039804984X 
035 |a (OCoLC)10302095 
035 |9 AAA5420AM 
040 |a DLC  |c DLC  |d m/c  |d VET  |d TXA  |d UtOrBLW 
049 |a TXAM  |c [A12636296] 
050 0 0 |a RD768  |b .Z33 1984 
060 0 |a WE 720 Z16h 
082 0 |a 617/.56052  |2 19 
100 1 |a Zacharkow, Dennis. 
245 1 4 |a The healthy lower back :  |b laying the foundation through proper lifting, sitting, and exercise /  |c by Dennis Zacharkow. 
264 1 |a Springfield, Ill., U.S.A. :  |b Thomas,  |c [1984] 
264 4 |c ©1984 
300 |a xi, 88 pages :  |b illustrations ;  |c 24 cm. 
336 |a text  |b txt  |2 rdacontent 
337 |a unmediated  |b n  |2 rdamedia 
338 |a volume  |b nc  |2 rdacarrier 
504 |a Bibliography: pages 79-85. 
500 |a Includes index. 
650 0 |a Back  |x Care and hygiene. 
650 0 |a Exercise. 
650 0 |a Backache  |x Prevention. 
999 |a MARS 
999 f f |s 843014ab-2572-34e5-ac46-fd558d5aada3  |i b8a98182-e393-3d77-9103-c7e5ff2e67e6  |t 0 
952 f f |p ric  |a Texas A&M University  |b Rellis Campus  |c Joint Library Facility  |d Remote Storage  |t 0  |e RD768 .Z33 1984  |h Library of Congress classification  |i unmediated -- volume  |m A14812636296 
998 f f |a RD768 .Z33 1984  |t 0  |l Remote Storage